[Event "ARG-ch U18"]
[Site "Ibague"]
[Date "2024.03.15"]
[Round "3"]
[White "Sanchez Barreto, Josue Efrain"]
[Black "Casas Mejia, Santiago"]
[Result "1-0"]
[WhiteElo "1734"]
[BlackElo "1400"]
[PlyCount "36"]
[EventDate "2024.03.14"]
[EventType "swiss"]
[EventRounds "7"]
[EventCountry "COL"]
[SourceTitle "CB12_2024"]
[SourceDate "2023.10.01"]
[SourceVersion "1"]
[SourceVersionDate "2023.10.01"]
[SourceQuality "1"]

1. d4 Nf6 2. Bf4 g6 3. Nc3 Bg7 4. e4 d6 5. Qd2 c6 6. 0-0-0 b5 7. f3 a5 8. Kb1 a4 9. h4 a3 10. b3 b4 11. Nce2 0-0 12. Bh6 c5 13. dxc5 Ra6 14. Bxg7 Kxg7 15. Nf4 Rc6 16. e5 dxe5 17. Qxd8 Rxd8 18. Rxd8 exf4 1-0

[Event "COL-ch U14"]
[Site "Bucaramanga"]
[Date "2022.05.08"]
[Round "8"]
[White "Sanchez Barreto, Josue Efrain"]
[Black "Becker Newmark, Jeronimo"]
[Result "0-1"]
[WhiteElo "1361"]
[BlackElo "1636"]
[PlyCount "113"]
[EventDate "2022.05.04"]
[EventType "swiss"]
[EventRounds "9"]
[EventCountry "COL"]
[SourceTitle "EXT 2023"]
[Source "ChessBase"]
[SourceDate "2022.10.05"]
[SourceVersion "1"]
[SourceVersionDate "2022.10.05"]
[SourceQuality "1"]

1. Nf3 Nf6 2. d4 d5 3. e3 c6 4. Bd3 Nbd7 5. Nbd2 e6 6. 0-0 Bd6 7. Qe2 0-0 8. e4 dxe4 9. Nxe4 Nxe4 10. Qxe4 Nf6 11. Qh4 Be7 12. Ne5 g6 13. Bg5 Nd5 14. f4 Ne3 15. Rf3 Qxd4 16. Bxe7 Nf5+ 17. Qf2 Qxf2+ 18. Kxf2 Nxe7 19. Re1 b5 20. Rh3 Bb7 21. Nd7 Rfd8 22. Nf6+ Kg7 23. Nxh7 Rh8 24. Ng5 Nd5 25. Rf3 Nf6 26. Kg1 c5 27. Rff1 c4 28. Be4 Nxe4 29. Nxe4 Bxe4 30. Rxe4 Rad8 31. Re2 Rd7 32. g3 Rhd8 33. Rff2 Rd1+ 34. Kg2 c3 35. bxc3 Rc8 36. Re4 Rxc3 37. Rb4 Ra1 38. Rb3 b4 39. Rb2 a5 40. Rf1 Rxf1 41. Kxf1 Kf6 42. Ke2 Kf5 43. Kd2 Kg4 44. Rb3 Rxb3 45. axb3 Kh3 46. c3 bxc3+ 47. Kxc3 Kxh2 48. Kc4 Kxg3 49. Kb5 Kxf4 50. Kxa5 e5 51. b4 e4 52. b5 e3 53. b6 e2 54. b7 e1Q+ 55. Ka6 Qb1 56. Ka7 Qxb7+ 57. Kxb7 0-1

[Event "Manizales op 27th"]
[Site "Manizales"]
[Date "2022.01.08"]
[Round "4"]
[White "Garzon Salgado, Nelson Eduardo"]
[Black "Sanchez Barreto, Josue Efrain"]
[Result "0-1"]
[WhiteElo "1741"]
[BlackElo "1213"]
[PlyCount "86"]
[EventDate "2022.01.06"]
[EventType "swiss"]
[EventRounds "8"]
[EventCountry "COL"]
[SourceTitle "CBM 206 Extra"]
[Source "ChessBase"]
[SourceDate "2022.03.31"]
[SourceVersion "1"]
[SourceVersionDate "2022.03.31"]
[SourceQuality "1"]

1. e4 e6 2. d4 d5 3. e5 c5 4. c3 Qb6 5. Nf3 Nc6 6. Qb3 Qa5 7. Bd2 Bd7 8. Qb5 Qxb5 9. Bxb5 Nxe5 10. Nxe5 Bxb5 11. Na3 Bc6 12. 0-0 cxd4 13. cxd4 Bd6 14. Rac1 Ne7 15. g4 f6 16. Nf3 h5 17. g5 Kd7 18. Nc2 Bb5 19. Rfe1 Bd3 20. Be3 Bxc2 21. Rxc2 Rac8 22. Rec1 Nc6 23. a3 e5 24. h4 exd4 25. Nxd4 Nxd4 26. Bxd4 Be5 27. Bxa7 fxg5 28. hxg5 Bf4 29. Be3 Bxe3 30. fxe3 Rxc2 31. Rxc2 Rc8 32. Rxc8 Kxc8 33. a4 Kd7 34. b4 g6 35. Kg2 Ke6 36. Kf3 d4 37. a5 d3 38. b5 Kd6 39. e4 h4 40. e5+ Kxe5 41. a6 bxa6 42. b6 Kd6 43. b7 Kc7 0-1

[Event "COL-chT Interligas"]
[Site "Palmira"]
[Date "2019.04.28"]
[Round "4.3"]
[White "Sanchez Barreto, Josue Efrain"]
[Black "Rengifo Astudillo, Carlos Alberto"]
[Result "1-0"]
[WhiteElo "1417"]
[BlackElo "1590"]
[PlyCount "38"]
[EventDate "2019.04.27"]
[EventType "team-swiss"]
[EventRounds "6"]
[EventCountry "COL"]
[SourceTitle "CBM 190 Extra"]
[Source "ChessBase"]
[SourceDate "2019.07.15"]
[SourceVersion "1"]
[SourceVersionDate "2019.07.15"]
[SourceQuality "1"]
[WhiteTeam "Valle Carlos Cuartas III"]
[BlackTeam "Valle Carlos Cuartas II"]
[WhiteTeamCountry "COL"]
[BlackTeamCountry "COL"]

1. e4 g6 2. d4 Bg7 3. Nf3 c5 4. c3 cxd4 5. cxd4 d6 6. Bf4 Qb6 7. Qd2 Nc6 8. e5 d5 9. Nc3 e6 10. Be2 Nge7 11. 0-0 Nf5 12. Bd3 Nfe7 13. Be2 0-0 14. Bh6 Nf5 15. Bxg7 Kxg7 16. Rfd1 Bd7 17. Na4 Qd8 18. Nc5 Bc8 19. Qc3 b6 1-0